| 000 | 00000nas 2200000za 4500 |
| 001 | 9.507954 |
| 003 | CaOODSP |
| 005 | 20250813081059 |
| 007 | cr ||||||||||| |
| 008 | 150406c20149999oncar p o f0 a0eng|d |
| 040 | |aCaOODSP|beng |
| 043 | |an-cn--- |
| 086 | 1 |aYN1E-PDF |
| 110 | 1 |aCanada. |bOffice of the Parliamentary Budget Officer. |
| 245 | 10|a... report on activities of the Parliamentary Budget Office |h[electronic resource]. |
| 246 | 13|aReport on activities of the Office of the Parliamentary Budget Officer |
| 246 | 13|aReport on the activities of the Office of the Parliamentary Budget Officer |
| 260 | |aOttawa : |bOffice of the Parliamentary Budget Officer, |c2014- |
| 310 | |aAnnual |
| 362 | 1 |aBegan with 2013/2014. |
| 500 | |aIssued also in French under title: Compte-rendu des activités du Bureau du directeur parlementaire du budget pour ... |
| 690 | 07|aFiscal policy|2gcpds |
| 690 | 07|aParliament|2gcpds |
| 775 | 08|tCompte-rendu des activités du Bureau du directeur parlementaire du budget pour ... |w(CaOODSP)9.504331 |